Threshold Effects of Import Dependence on Economic Growth in Nigeria
Skúmanie prahových účinkov závislosti na dovoze na hodpodársky rast v Nigérii s využitím ročnej časovej rady dát za obdobie 1981-2018. Kvadratický regresný model pre určenie povahy vzťahu medzi agregátnou dovozovou závislosťou a ekonomickým rastom.
Salvato in:
| Autore principale: | |
|---|---|
| Natura: | Capitolo di libro |
| Lingua: | inglese |
| Soggetti: | |
| Tags: |
Nessun Tag, puoi essere il primo ad aggiungerne!!
|
MARC
| LEADER | 00000naa a2200000 4500 | ||
|---|---|---|---|
| 001 | 0282191 | ||
| 005 | 20220624132634.0 | ||
| 041 | 0 | |a eng | |
| 044 | |a CZ | ||
| 245 | 1 | 0 | |a Threshold Effects of Import Dependence on Economic Growth in Nigeria |c Oziengbe Scott Aigheyisi |
| 520 | |a Skúmanie prahových účinkov závislosti na dovoze na hodpodársky rast v Nigérii s využitím ročnej časovej rady dát za obdobie 1981-2018. Kvadratický regresný model pre určenie povahy vzťahu medzi agregátnou dovozovou závislosťou a ekonomickým rastom. | ||
| 610 | 2 | 0 | |a rast hospodársky |
| 610 | 2 | 0 | |a dovoz |
| 610 | 2 | 0 | |a Nigéria |
| 100 | 1 | |a Aigheyisi, Oziengbe Scott | |